Chudoba ako dôsledok nízkeho vzdelania
Chudoba je pre spoločnosť hlavným hospodárskym a politickým problémom, pretože spôsobuje sociálne napätie, ktoré je nebezpečné pre politickú a hospodársku stabilitu v spoločnosti. Hlavnými príčinami chudoby sú oddelenie od trhu práce a nedostatočné vzdelanie, ktoré má priamy vplyv na zníženie príjmu...
Salvato in:
| Autore principale: | |
|---|---|
| Natura: | Capitolo di libro |
| Lingua: | slovacco |
| Soggetti: | |
| Tags: |
Nessun Tag, puoi essere il primo ad aggiungerne!!
|
MARC
| LEADER | 00000naa$a2200000$$$4500 | ||
|---|---|---|---|
| 001 | 0260483 | ||
| 005 | 20240502100904.9 | ||
| 041 | 0 | |a slo | |
| 044 | |a SK | ||
| 245 | 1 | 0 | |a Chudoba ako dôsledok nízkeho vzdelania |c Darina Orbánová |
| 520 | |a Chudoba je pre spoločnosť hlavným hospodárskym a politickým problémom, pretože spôsobuje sociálne napätie, ktoré je nebezpečné pre politickú a hospodársku stabilitu v spoločnosti. Hlavnými príčinami chudoby sú oddelenie od trhu práce a nedostatočné vzdelanie, ktoré má priamy vplyv na zníženie príjmu. | ||
| 610 | 2 | 0 | |a chudoba |
| 610 | 2 | 0 | |a nezamestnanosť |
| 610 | 2 | 0 | |a vzdelanie |
| 100 | 1 | |a Orbánová, Darina | |